[Event "Russian Blitz Championship (m)"]
[Site "Sochi"]
[Date "2022.10.14"]
[Round "7.2"]
[White "Pridorozhni, Aleksei"]
[Black "Tsydypov, Zhamsaran"]
[Result "1-0"]
[BlackElo "2598"]
[WhiteElo "2581"]
[LiveChessVersion "1.4.8"]

1. e4 {[%clk 0:03:03]} c5 {[%clk 0:03:02]} 2. Nc3 {[%clk 0:03:03]} d6
{[%clk 0:03:01]} 3. f4 {[%clk 0:02:59]} g6 {[%clk 0:03:00]} 4. d4
{[%clk 0:02:59]} Nd7 {[%clk 0:02:31]} 5. Nf3 {[%clk 0:02:49]} Bg7
{[%clk 0:02:32]} 6. Be3 {[%clk 0:02:47]} Ngf6 {[%clk 0:02:25]} 7. dxc5
{[%clk 0:02:45]} Qa5 {[%clk 0:02:17]} 8. Bd3 {[%clk 0:02:33]} Ng4
{[%clk 0:01:58]} 9. Bd4 {[%clk 0:02:24]} e5 {[%clk 0:01:58]} 10. fxe5
{[%clk 0:02:23]} dxc5 {[%clk 0:01:54]} 11. Bg1 {[%clk 0:02:13]} O-O
{[%clk 0:01:53]} 12. h3 {[%clk 0:01:48]} Ngxe5 {[%clk 0:01:54]} 13. Bh2
{[%clk 0:01:47]} Nxf3+ {[%clk 0:01:27]} 14. Qxf3 {[%clk 0:01:45]} Bxc3+
{[%clk 0:01:23]} 15. bxc3 {[%clk 0:01:45]} Qxc3+ {[%clk 0:01:23]} 16. Kf2
{[%clk 0:01:41]} Ne5 {[%clk 0:01:24]} 17. Qg3 {[%clk 0:01:30]} Qd2+
{[%clk 0:00:56]} 18. Kg1 {[%clk 0:01:20]} f6 {[%clk 0:00:52]} 19. Qe1
{[%clk 0:01:07]} Qg5 {[%clk 0:00:47]} 20. Qg3 {[%clk 0:01:04]} Qd2
{[%clk 0:00:42]} 21. Qe1 {[%clk 0:01:04]} Qxe1+ {[%clk 0:00:43]} 22. Rxe1
{[%clk 0:01:05]} Be6 {[%clk 0:00:44]} 23. Kf2 {[%clk 0:00:29]} Bxa2
{[%clk 0:00:42]} 24. Ke3 {[%clk 0:00:27]} Be6 {[%clk 0:00:35]} 25. Ra1
{[%clk 0:00:27]} Rf7 {[%clk 0:00:30]} 26. Rhb1 {[%clk 0:00:26]} a6
{[%clk 0:00:18]} 27. Be2 {[%clk 0:00:22]} Re8 {[%clk 0:00:14]} 28. Ra5
{[%clk 0:00:20]} Nc6 {[%clk 0:00:10]} 29. Rxc5 {[%clk 0:00:19]} f5
{[%clk 0:00:10]} 30. e5 {[%clk 0:00:18]} Rc8 {[%clk 0:00:08]} 31. Bf4
{[%clk 0:00:12]} Rfc7 {[%clk 0:00:07]} 32. Bf3 {[%clk 0:00:09]} Nd8
{[%clk 0:00:09]} 33. Rxc7 {[%clk 0:00:08]} Rxc7 {[%clk 0:00:10]} 34. Kd2
{[%clk 0:00:09]} Kf7 {[%clk 0:00:11]} 35. Be3 {[%clk 0:00:09]} Rd7+
{[%clk 0:00:09]} 36. Kc3 {[%clk 0:00:10]} Bd5 {[%clk 0:00:11]} 37. Rb6
{[%clk 0:00:08]} Bxf3 {[%clk 0:00:10]} 38. gxf3 {[%clk 0:00:09]} Ne6
{[%clk 0:00:12]} 39. f4 {[%clk 0:00:09]} Nc7 {[%clk 0:00:13]} 40. Kc4
{[%clk 0:00:08]} Ne6 {[%clk 0:00:13]} 41. c3 {[%clk 0:00:08]} Ke7
{[%clk 0:00:14]} 42. Rb1 {[%clk 0:00:06]} b5+ {[%clk 0:00:15]} 43. Kb4
{[%clk 0:00:08]} Rc7 {[%clk 0:00:16]} 44. Ra1 {[%clk 0:00:08]} Rc4+
{[%clk 0:00:18]} 45. Kb3 {[%clk 0:00:10]} Nxf4 {[%clk 0:00:18]} 46. Rxa6
{[%clk 0:00:11]} Ne2 {[%clk 0:00:16]} 47. Bg5+ {[%clk 0:00:10]} Ke8
{[%clk 0:00:14]} 48. e6 {[%clk 0:00:11]} Rxc3+ {[%clk 0:00:13]} 49. Kb2
{[%clk 0:00:11]} Rc8 {[%clk 0:00:13]} 50. Ra7 {[%clk 0:00:10]} Nd4
{[%clk 0:00:14]} 51. Rxh7 {[%clk 0:00:10]} Nxe6 {[%clk 0:00:15]} 52. Re7+
{[%clk 0:00:11]} Kf8 {[%clk 0:00:15]} 53. Rxe6 {[%clk 0:00:12]} Kg7
{[%clk 0:00:13]} 54. Re7+ {[%clk 0:00:12]} Kg8 {[%clk 0:00:14]} 55. h4
{[%clk 0:00:12]} Rc4 {[%clk 0:00:15]} 56. Kb3 {[%clk 0:00:11]} Rd4
{[%clk 0:00:11]} 57. Rb7 {[%clk 0:00:11]} f4 {[%clk 0:00:11]} 58. Rb6
{[%clk 0:00:12]} Kh7 {[%clk 0:00:04]} 59. Rf6 {[%clk 0:00:12]} Re4
{[%clk 0:00:03]} 60. Rxf4 {[%clk 0:00:12]} Re5 {[%clk 0:00:05]} 61. Kb4
{[%clk 0:00:13]} Kg8 {[%clk 0:00:06]} 62. Rf6 {[%clk 0:00:13]} Kh7
{[%clk 0:00:07]} 63. Rb6 {[%clk 0:00:14]} 1-0

[Event "Russian Blitz Championship (m)"]
[Site "Sochi"]
[Date "2022.10.14"]
[Round "7.3"]
[White "Timofeev, Artyom"]
[Black "Triapishko, Alexandr"]
[Result "1-0"]
[BlackElo "2479"]
[WhiteElo "2579"]
[LiveChessVersion "1.4.8"]

1. e4 {[%clk 0:03:02]} c6 {[%clk 0:03:00]} 2. d4 {[%clk 0:02:59]} d5
{[%clk 0:03:01]} 3. exd5 {[%clk 0:02:59]} cxd5 {[%clk 0:03:02]} 4. Bd3
{[%clk 0:03:00]} Nf6 {[%clk 0:03:03]} 5. c3 {[%clk 0:02:57]} Bg4 {[%clk 0:03:02]}
6. Ne2 {[%clk 0:02:57]} Nc6 {[%clk 0:03:03]} 7. Bf4 {[%clk 0:02:54]} e6
{[%clk 0:03:03]} 8. O-O {[%clk 0:02:53]} Bd6 {[%clk 0:02:54]} 9. Bxd6
{[%clk 0:02:48]} Qxd6 {[%clk 0:02:55]} 10. Qd2 {[%clk 0:02:47]} Bh5
{[%clk 0:02:40]} 11. Na3 {[%clk 0:02:41]} Bg6 {[%clk 0:02:18]} 12. Nb5
{[%clk 0:02:39]} Qb8 {[%clk 0:02:12]} 13. a4 {[%clk 0:02:30]} a6 {[%clk 0:01:42]}
14. Na3 {[%clk 0:02:30]} Na5 {[%clk 0:01:22]} 15. Bc2 {[%clk 0:02:15]} O-O
{[%clk 0:01:02]} 16. Bxg6 {[%clk 0:01:52]} hxg6 {[%clk 0:01:00]} 17. Qd3
{[%clk 0:01:53]} Ne4 {[%clk 0:00:36]} 18. Ng3 {[%clk 0:01:34]} Nd6
{[%clk 0:00:33]} 19. Rfe1 {[%clk 0:01:25]} b5 {[%clk 0:00:28]} 20. axb5
{[%clk 0:01:07]} axb5 {[%clk 0:00:29]} 21. Rab1 {[%clk 0:00:44]} b4
{[%clk 0:00:25]} 22. Nc2 {[%clk 0:00:44]} Nc6 {[%clk 0:00:23]} 23. Ne3
{[%clk 0:00:40]} Qb5 {[%clk 0:00:21]} 24. Qd1 {[%clk 0:00:32]} Rfb8
{[%clk 0:00:20]} 25. Rc1 {[%clk 0:00:24]} Ra2 {[%clk 0:00:17]} 26. Rc2
{[%clk 0:00:22]} bxc3 {[%clk 0:00:13]} 27. bxc3 {[%clk 0:00:22]} Qa4
{[%clk 0:00:14]} 28. Rxa2 {[%clk 0:00:21]} Qxa2 {[%clk 0:00:16]} 29. h4
{[%clk 0:00:19]} Rb2 {[%clk 0:00:14]} 30. Qf3 {[%clk 0:00:18]} Qa3
{[%clk 0:00:08]} 31. Ng4 {[%clk 0:00:17]} Nf5 {[%clk 0:00:07]} 32. h5
{[%clk 0:00:12]} gxh5 {[%clk 0:00:04]} 33. Nxh5 {[%clk 0:00:11]} Ncxd4
{[%clk 0:00:03]} 34. cxd4 {[%clk 0:00:12]} Qxf3 {[%clk 0:00:04]} 35. gxf3
{[%clk 0:00:13]} Nxd4 {[%clk 0:00:06]} 36. Kg2 {[%clk 0:00:13]} Ne2
{[%clk 0:00:04]} 37. Ng3 {[%clk 0:00:05]} Nf4+ {[%clk 0:00:05]} 38. Kf1
{[%clk 0:00:05]} g6 {[%clk 0:00:04]} 39. Ne2 {[%clk 0:00:06]} Nxe2
{[%clk 0:00:04]} 40. Rxe2 {[%clk 0:00:07]} Rb1+ {[%clk 0:00:05]} 41. Kg2
{[%clk 0:00:08]} Kg7 {[%clk 0:00:06]} 42. Ra2 {[%clk 0:00:09]} g5
{[%clk 0:00:06]} 43. Ra7 {[%clk 0:00:10]} Re1 {[%clk 0:00:06]} 44. Ne3
{[%clk 0:00:08]} Kg6 {[%clk 0:00:07]} 45. Nc2 {[%clk 0:00:09]} Rd1
{[%clk 0:00:06]} 46. Nb4 {[%clk 0:00:09]} Kf6 {[%clk 0:00:04]} 47. Nc6
{[%clk 0:00:09]} Rc1 {[%clk 0:00:03]} 48. Nd8 {[%clk 0:00:10]} Rc8
{[%clk 0:00:04]} 49. Nxf7 {[%clk 0:00:10]} d4 {[%clk 0:00:03]} 50. Nd6
{[%clk 0:00:10]} Rd8 {[%clk 0:00:03]} 51. Ne4+ {[%clk 0:00:10]} Kf5
{[%clk 0:00:03]} 52. Ra5+ {[%clk 0:00:05]} Kf4 {[%clk 0:00:03]} 53. Rxg5
{[%clk 0:00:05]} d3 {[%clk 0:00:04]} 54. Rg4+ {[%clk 0:00:06]} Kf5
{[%clk 0:00:04]} 55. Nd2 {[%clk 0:00:07]} e5 {[%clk 0:00:05]} 56. Re4
{[%clk 0:00:08]} Rg8+ {[%clk 0:00:03]} 57. Kf1 {[%clk 0:00:09]} Rc8
{[%clk 0:00:04]} 58. Re3 {[%clk 0:00:10]} Rc1+ {[%clk 0:00:05]} 59. Kg2
{[%clk 0:00:12]} Rc3 {[%clk 0:00:05]} 60. Ne4 {[%clk 0:00:12]} Ra3
{[%clk 0:00:04]} 61. Nd6+ {[%clk 0:00:07]} Kf6 {[%clk 0:00:03]} 62. Nc4
{[%clk 0:00:07]} Rc3 {[%clk 0:00:03]} 63. Nd2 {[%clk 0:00:08]} Kf5
{[%clk 0:00:05]} 64. Kg3 {[%clk 0:00:09]} Ra3 {[%clk 0:00:03]} 65. Ne4
{[%clk 0:00:09]} Rb3 {[%clk 0:00:03]} 66. Nd2 {[%clk 0:00:06]} Rc3
{[%clk 0:00:04]} 67. Kg2 {[%clk 0:00:07]} Ra3 {[%clk 0:00:04]} 68. Kf1
{[%clk 0:00:08]} Ra1+ {[%clk 0:00:05]} 69. Re1 {[%clk 0:00:09]} Ra2
{[%clk 0:00:05]} 70. Nc4 {[%clk 0:00:07]} Kf4 {[%clk 0:00:06]} 71. Re4+
{[%clk 0:00:06]} Kf5 72. Rxe5+ Kf4 73. Re4+ {[%clk 0:00:09]} Kf5 {[%clk 0:00:08]}
74. Ne3+ {[%clk 0:00:09]} Kf6 {[%clk 0:00:09]} 75. Rd4 {[%clk 0:00:10]} Rd2
{[%clk 0:00:08]} 76. Kg2 {[%clk 0:00:10]} Ke5 {[%clk 0:00:05]} 77. Rd5+
{[%clk 0:00:11]} Ke6 {[%clk 0:00:06]} 78. f4 {[%clk 0:00:12]} Kxd5 1-0

[Event "Russian Blitz Championship (m)"]
[Site "Sochi"]
[Date "2022.10.14"]
[Round "7.5"]
[White "Grebnev, Aleksey"]
[Black "Afanasiev, Nikita"]
[Result "0-1"]
[BlackElo "2541"]
[WhiteElo "2377"]
[LiveChessVersion "1.4.8"]

1. c4 {[%clk 0:03:02]} g6 {[%clk 0:03:03]} 2. Nc3 {[%clk 0:03:03]} Bg7
{[%clk 0:03:04]} 3. Nf3 {[%clk 0:03:04]} e6 {[%clk 0:03:05]} 4. d4
{[%clk 0:03:04]} Ne7 {[%clk 0:03:06]} 5. Bf4 {[%clk 0:03:04]} d6 {[%clk 0:03:07]}
6. e3 {[%clk 0:03:05]} Nd7 {[%clk 0:03:07]} 7. h3 {[%clk 0:03:02]} O-O
{[%clk 0:03:07]} 8. Be2 {[%clk 0:03:02]} b6 {[%clk 0:03:06]} 9. O-O
{[%clk 0:03:02]} Bb7 {[%clk 0:03:07]} 10. Qc2 {[%clk 0:03:02]} e5
{[%clk 0:03:05]} 11. dxe5 {[%clk 0:03:02]} dxe5 {[%clk 0:03:05]} 12. Bh2
{[%clk 0:03:02]} Qc8 {[%clk 0:02:52]} 13. Rfd1 {[%clk 0:03:01]} Re8
{[%clk 0:02:52]} 14. Rac1 {[%clk 0:03:00]} a5 {[%clk 0:02:53]} 15. b3
{[%clk 0:02:54]} Nc6 {[%clk 0:02:52]} 16. a3 {[%clk 0:02:52]} h6 {[%clk 0:02:45]}
17. Nd5 {[%clk 0:02:47]} Nd8 {[%clk 0:02:25]} 18. b4 {[%clk 0:02:41]} Ne6
{[%clk 0:02:21]} 19. Nd2 {[%clk 0:02:34]} axb4 {[%clk 0:02:14]} 20. axb4
{[%clk 0:02:32]} f5 21. Nb3 c6 {[%clk 0:01:48]} 22. Nc3 {[%clk 0:02:32]} Kh7
{[%clk 0:01:36]} 23. Rd2 {[%clk 0:02:18]} e4 {[%clk 0:01:27]} 24. Rcd1
{[%clk 0:02:05]} Re7 {[%clk 0:01:28]} 25. b5 {[%clk 0:01:47]} Rf7
{[%clk 0:01:22]} 26. bxc6 {[%clk 0:01:42]} Bxc6 {[%clk 0:01:22]} 27. Rd6
{[%clk 0:01:27]} Ndc5 {[%clk 0:01:20]} 28. Nxc5 {[%clk 0:01:24]} Nxc5
{[%clk 0:01:20]} 29. Nd5 {[%clk 0:01:16]} Ba4 {[%clk 0:01:19]} 30. Qd2
{[%clk 0:00:52]} Bxd1 {[%clk 0:01:19]} 31. Nxb6 {[%clk 0:00:48]} Bxe2
{[%clk 0:01:10]} 32. Qxe2 {[%clk 0:00:39]} Ra1+ {[%clk 0:01:10]} 33. Rd1
{[%clk 0:00:40]} Qa6 {[%clk 0:01:05]} 34. Rxa1 {[%clk 0:00:30]} Qxa1+
{[%clk 0:01:05]} 35. Qf1 {[%clk 0:00:32]} Qxf1+ {[%clk 0:01:02]} 0-1

[Event "Russian Blitz Championship (m)"]
[Site "Sochi"]
[Date "2022.10.14"]
[Round "7.6"]
[White "Faizrakhmanov, Ramil"]
[Black "Smirnov, Pavel"]
[Result "1/2-1/2"]
[BlackElo "2467"]
[WhiteElo "2421"]
[LiveChessVersion "1.4.8"]

1. d4 {[%clk 0:03:03]} d5 {[%clk 0:03:03]} 2. c4 {[%clk 0:03:05]} e6
{[%clk 0:03:05]} 3. Nf3 {[%clk 0:03:05]} Nf6 {[%clk 0:03:06]} 4. Nc3
{[%clk 0:03:07]} c6 {[%clk 0:03:07]} 5. e3 {[%clk 0:03:08]} Nbd7 {[%clk 0:03:08]}
6. Qc2 {[%clk 0:03:08]} Bd6 {[%clk 0:03:09]} 7. b3 {[%clk 0:03:09]} O-O
{[%clk 0:03:09]} 8. Be2 {[%clk 0:03:10]} e5 {[%clk 0:03:10]} 9. cxd5
{[%clk 0:03:11]} e4 {[%clk 0:03:11]} 10. Nxe4 {[%clk 0:02:35]} Nxe4
{[%clk 0:03:12]} 11. Qxe4 {[%clk 0:02:36]} Nf6 {[%clk 0:03:12]} 12. Qc2
{[%clk 0:02:33]} cxd5 {[%clk 0:03:13]} 13. O-O {[%clk 0:02:30]} Ne4
{[%clk 0:03:14]} 14. Bb2 {[%clk 0:02:28]} Bf5 {[%clk 0:03:14]} 15. Bd3
{[%clk 0:02:16]} Rc8 {[%clk 0:03:14]} 16. Qe2 {[%clk 0:02:17]} Bg4
{[%clk 0:03:11]} 17. Rfc1 {[%clk 0:02:01]} Ng5 {[%clk 0:02:35]} 18. Rxc8
{[%clk 0:01:48]} Qxc8 {[%clk 0:02:35]} 19. Qc2 {[%clk 0:01:45]} Nxf3+
{[%clk 0:01:53]} 20. gxf3 {[%clk 0:01:28]} Qxc2 21. Bxc2 {[%clk 0:01:28]} Bxf3
{[%clk 0:01:52]} 22. Bf5 {[%clk 0:01:26]} g6 {[%clk 0:01:47]} 23. Bh3
{[%clk 0:01:27]} f5 {[%clk 0:01:41]} 24. Rc1 {[%clk 0:01:28]} f4 {[%clk 0:01:32]}
25. Rc8 {[%clk 0:01:05]} Rxc8 {[%clk 0:01:22]} 26. Bxc8 {[%clk 0:01:05]} b6
{[%clk 0:01:18]} 27. exf4 {[%clk 0:00:58]} Bxf4 {[%clk 0:01:18]} 28. Be6+
{[%clk 0:00:58]} Kg7 {[%clk 0:01:17]} 29. Ba3 {[%clk 0:00:59]} Kf6
{[%clk 0:01:08]} 30. Bg8 {[%clk 0:00:54]} h5 {[%clk 0:01:02]} 31. Bb4
{[%clk 0:00:37]} a5 {[%clk 0:00:45]} 32. Bc3 {[%clk 0:00:26]} h4 {[%clk 0:00:42]}
33. h3 {[%clk 0:00:10]} Bd6 {[%clk 0:00:41]} 34. Bd2 {[%clk 0:00:08]} Be4
{[%clk 0:00:42]} 35. Be3 {[%clk 0:00:06]} Bb1 {[%clk 0:00:32]} 36. a4
{[%clk 0:00:05]} Be4 {[%clk 0:00:30]} 37. Bd2 {[%clk 0:00:06]} Ke7
{[%clk 0:00:30]} 38. Bg5+ {[%clk 0:00:07]} Kd7 {[%clk 0:00:29]} 39. Bxh4
{[%clk 0:00:08]} Kc6 {[%clk 0:00:30]} 40. Bf7 {[%clk 0:00:07]} Bc2
{[%clk 0:00:31]} 41. Bf6 {[%clk 0:00:06]} Bxb3 {[%clk 0:00:24]} 42. Bxg6
{[%clk 0:00:07]} Bxa4 {[%clk 0:00:25]} 43. h4 {[%clk 0:00:08]} Bd1
{[%clk 0:00:25]} 44. h5 {[%clk 0:00:10]} Bf4 {[%clk 0:00:24]} 45. Bg7
{[%clk 0:00:10]} Bf3 {[%clk 0:00:10]} 46. h6 {[%clk 0:00:11]} Bxh6
{[%clk 0:00:10]} 47. Bxh6 {[%clk 0:00:12]} Be4 {[%clk 0:00:10]} 48. Be8+
{[%clk 0:00:11]} Kb7 {[%clk 0:00:10]} 49. Bb5 {[%clk 0:00:12]} Bf5
{[%clk 0:00:09]} 50. Bf8 {[%clk 0:00:13]} Bc2 {[%clk 0:00:09]} 51. f4
{[%clk 0:00:14]} Kc7 {[%clk 0:00:10]} 52. Kf2 {[%clk 0:00:15]} Kd8
{[%clk 0:00:10]} 53. Bd6 {[%clk 0:00:16]} Bf5 {[%clk 0:00:08]} 54. Ke3
{[%clk 0:00:12]} Bd7 {[%clk 0:00:09]} 55. Bxd7 {[%clk 0:00:13]} Kxd7
{[%clk 0:00:10]} 56. Ba3 {[%clk 0:00:14]} Ke6 {[%clk 0:00:11]} 57. Bf8
{[%clk 0:00:12]} b5 {[%clk 0:00:11]} 58. Bc5 {[%clk 0:00:13]} b4 {[%clk 0:00:10]}
59. Kd3 {[%clk 0:00:11]} Kf5 60. Bd6 b3 {[%clk 0:00:03]} 61. Kc3 {[%clk 0:00:13]}
a4 {[%clk 0:00:05]} 62. Kb2 {[%clk 0:00:13]} Ke4 {[%clk 0:00:06]} 63. Be5
{[%clk 0:00:14]} Kf5 {[%clk 0:00:06]} 64. Ka3 {[%clk 0:00:15]} Ke4
{[%clk 0:00:07]} 65. Kb2 {[%clk 0:00:15]} Kf5 {[%clk 0:00:08]} 66. Kc3
{[%clk 0:00:16]} Ke4 {[%clk 0:00:09]} 67. Bd6 {[%clk 0:00:17]} Kf5
{[%clk 0:00:10]} 68. Kd3 {[%clk 0:00:18]} Kg4 {[%clk 0:00:09]} 69. Be5
{[%clk 0:00:16]} a3 {[%clk 0:00:10]} 70. Kc3 {[%clk 0:00:16]} a2 {[%clk 0:00:10]}
71. Kb2 {[%clk 0:00:17]} Kf5 {[%clk 0:00:11]} 72. Bd6 {[%clk 0:00:18]} Ke4
{[%clk 0:00:12]} 73. Be5 {[%clk 0:00:16]} Kf5 {[%clk 0:00:13]} 74. Bd6
{[%clk 0:00:12]} Ke4 {[%clk 0:00:14]} 75. Bb4 {[%clk 0:00:12]} Kxd4
{[%clk 0:00:12]} 76. Bc3+ {[%clk 0:00:14]} Ke4 {[%clk 0:00:09]} 77. Kxb3
{[%clk 0:00:05]} Kxf4 {[%clk 0:00:10]} 78. Kxa2 {[%clk 0:00:06]} Ke4 1/2-1/2

[Event "Russian Blitz Championship (m)"]
[Site "Sochi"]
[Date "2022.10.14"]
[Round "7.7"]
[White "Tomashevsky, Evgeny"]
[Black "Shomoev, Anton"]
[Result "1-0"]
[BlackElo "2499"]
[WhiteElo "2695"]
[LiveChessVersion "1.4.8"]

1. c4 {[%clk 0:03:03]} e5 {[%clk 0:03:00]} 2. g3 {[%clk 0:03:03]} c6
{[%clk 0:03:01]} 3. Nf3 {[%clk 0:03:03]} e4 {[%clk 0:03:02]} 4. Nd4
{[%clk 0:03:04]} d5 {[%clk 0:03:02]} 5. cxd5 {[%clk 0:03:04]} Qxd5
{[%clk 0:03:03]} 6. Nc2 {[%clk 0:03:05]} Nf6 {[%clk 0:03:01]} 7. Nc3
{[%clk 0:03:05]} Qe5 {[%clk 0:03:00]} 8. Bg2 {[%clk 0:03:06]} Be7
{[%clk 0:02:58]} 9. O-O {[%clk 0:03:05]} O-O {[%clk 0:02:57]} 10. b4
{[%clk 0:02:39]} a5 {[%clk 0:02:32]} 11. bxa5 {[%clk 0:02:35]} Bf5
{[%clk 0:02:17]} 12. Bb2 {[%clk 0:02:34]} Qxa5 {[%clk 0:02:16]} 13. Ne3
{[%clk 0:02:14]} Bg6 {[%clk 0:02:17]} 14. Qb3 {[%clk 0:02:15]} b5
{[%clk 0:02:13]} 15. f4 {[%clk 0:01:50]} exf3 {[%clk 0:02:01]} 16. Bxf3
{[%clk 0:01:50]} Ra6 {[%clk 0:01:54]} 17. Bg2 {[%clk 0:01:22]} Nbd7
{[%clk 0:01:55]} 18. Nf5 {[%clk 0:01:22]} Bc5+ {[%clk 0:01:39]} 19. e3
{[%clk 0:01:18]} Re8 {[%clk 0:01:36]} 20. Nh4 {[%clk 0:01:06]} b4
{[%clk 0:01:27]} 21. Nxg6 {[%clk 0:01:05]} hxg6 {[%clk 0:01:22]} 22. Ne4
{[%clk 0:01:05]} Be7 {[%clk 0:01:18]} 23. Kh1 {[%clk 0:00:58]} c5
{[%clk 0:01:19]} 24. Ng5 {[%clk 0:00:56]} Rf8 {[%clk 0:01:19]} 25. Qc4
{[%clk 0:00:56]} Rd6 {[%clk 0:01:14]} 26. Rad1 {[%clk 0:00:51]} Nb6
{[%clk 0:01:13]} 27. Qf4 {[%clk 0:00:47]} Nh5 {[%clk 0:01:08]} 28. Qg4
{[%clk 0:00:43]} c4 {[%clk 0:00:51]} 29. Nf3 {[%clk 0:00:31]} c3 {[%clk 0:00:50]}
30. dxc3 {[%clk 0:00:26]} Rxd1 {[%clk 0:00:47]} 31. Rxd1 {[%clk 0:00:27]} bxc3
{[%clk 0:00:48]} 32. Bc1 {[%clk 0:00:29]} Qxa2 {[%clk 0:00:41]} 33. Ne5
{[%clk 0:00:29]} Bf6 {[%clk 0:00:37]} 34. Nc6 {[%clk 0:00:27]} c2
{[%clk 0:00:33]} 35. Rf1 {[%clk 0:00:27]} Nd7 {[%clk 0:00:19]} 36. Qxd7
{[%clk 0:00:27]} Qc4 {[%clk 0:00:16]} 37. Qd5 {[%clk 0:00:26]} Qe2
{[%clk 0:00:15]} 38. Qd2 {[%clk 0:00:20]} Qc4 {[%clk 0:00:15]} 39. Qd5
{[%clk 0:00:18]} Qe2 {[%clk 0:00:16]} 40. Nd4 {[%clk 0:00:16]} Bxd4
{[%clk 0:00:15]} 41. exd4 {[%clk 0:00:17]} Nf6 {[%clk 0:00:16]} 42. Qf3
{[%clk 0:00:18]} Qc4 {[%clk 0:00:17]} 43. d5 {[%clk 0:00:19]} Rd8
{[%clk 0:00:16]} 44. h3 {[%clk 0:00:18]} Rxd5 {[%clk 0:00:16]} 45. Kh2
{[%clk 0:00:18]} Rf5 {[%clk 0:00:16]} 46. Qa8+ {[%clk 0:00:18]} Kh7
{[%clk 0:00:18]} 47. Rxf5 {[%clk 0:00:18]} gxf5 {[%clk 0:00:19]} 48. Qf3 g6 49.
Qf4 {[%clk 0:00:19]} Ne4 {[%clk 0:00:16]} 50. g4 {[%clk 0:00:16]} Qd5
{[%clk 0:00:07]} 51. gxf5 {[%clk 0:00:16]} gxf5 {[%clk 0:00:08]} 52. Qh6+
{[%clk 0:00:16]} Kg8 {[%clk 0:00:10]} 53. Qg5+ {[%clk 0:00:16]} Kf8
{[%clk 0:00:08]} 54. Qf4 {[%clk 0:00:16]} Qe6 {[%clk 0:00:07]} 55. Bf1
{[%clk 0:00:16]} Nd6 {[%clk 0:00:07]} 56. Ba3 {[%clk 0:00:16]} Ke7
{[%clk 0:00:07]} 57. Bd3 {[%clk 0:00:15]} Qd5 {[%clk 0:00:07]} 58. Bxc2
{[%clk 0:00:15]} Ke6 {[%clk 0:00:07]} 59. Qe3+ {[%clk 0:00:14]} Ne4
{[%clk 0:00:07]} 60. Bb3 {[%clk 0:00:15]} 1-0

[Event "Russian Blitz Championship (m)"]
[Site "Sochi"]
[Date "2022.10.14"]
[Round "7.8"]
[White "Drygalov, Andrey"]
[Black "Alekseev, Evgeny"]
[Result "0-1"]
[BlackElo "2579"]
[WhiteElo "2498"]
[LiveChessVersion "1.4.8"]

1. e4 {[%clk 0:03:03]} e5 {[%clk 0:03:03]} 2. Nf3 {[%clk 0:03:04]} Nc6
{[%clk 0:03:04]} 3. Bc4 {[%clk 0:03:05]} Bc5 {[%clk 0:03:04]} 4. O-O
{[%clk 0:03:06]} Nf6 {[%clk 0:03:00]} 5. d3 {[%clk 0:03:07]} d6 {[%clk 0:02:58]}
6. c3 {[%clk 0:03:08]} O-O {[%clk 0:02:55]} 7. Re1 {[%clk 0:03:09]} Bb6
{[%clk 0:02:51]} 8. Bb3 {[%clk 0:03:04]} Ne7 {[%clk 0:02:49]} 9. Nbd2
{[%clk 0:03:04]} c6 {[%clk 0:02:46]} 10. Nf1 {[%clk 0:03:04]} Ng6
{[%clk 0:02:43]} 11. Ng3 {[%clk 0:03:04]} h6 {[%clk 0:02:40]} 12. h3
{[%clk 0:03:04]} d5 {[%clk 0:02:22]} 13. exd5 {[%clk 0:03:00]} Nxd5
{[%clk 0:02:23]} 14. d4 {[%clk 0:03:00]} exd4 {[%clk 0:02:23]} 15. Nxd4
{[%clk 0:03:01]} Bc7 {[%clk 0:02:12]} 16. Qf3 {[%clk 0:02:47]} Ne5
{[%clk 0:01:46]} 17. Qe2 {[%clk 0:02:19]} Re8 {[%clk 0:01:26]} 18. Bd2
{[%clk 0:02:20]} Bd7 {[%clk 0:01:21]} 19. Qf1 {[%clk 0:02:16]} Qf6
{[%clk 0:01:11]} 20. Re4 {[%clk 0:02:01]} Qd6 {[%clk 0:00:45]} 21. Rae1
{[%clk 0:01:48]} Ng6 {[%clk 0:00:25]} 22. Rxe8+ {[%clk 0:01:46]} Rxe8
{[%clk 0:00:26]} 23. Rxe8+ {[%clk 0:01:37]} Bxe8 {[%clk 0:00:27]} 24. Ndf5
{[%clk 0:01:18]} Qe5 {[%clk 0:00:28]} 25. c4 {[%clk 0:01:11]} Nf6
{[%clk 0:00:20]} 26. Bc3 {[%clk 0:01:06]} Qf4 {[%clk 0:00:20]} 27. Nxg7
{[%clk 0:00:31]} Bd7 {[%clk 0:00:18]} 28. Qe1 {[%clk 0:00:21]} Be5
{[%clk 0:00:12]} 29. Bd2 {[%clk 0:00:19]} Qd4 {[%clk 0:00:07]} 30. Bc3
{[%clk 0:00:14]} Qf4 {[%clk 0:00:08]} 31. Bxe5 {[%clk 0:00:13]} Qxe5
{[%clk 0:00:04]} 32. Qxe5 {[%clk 0:00:13]} Nxe5 33. N7f5 h5 {[%clk 0:00:05]} 34.
Nd6 {[%clk 0:00:14]} b6 {[%clk 0:00:06]} 35. Nge4 {[%clk 0:00:13]} Nxe4
{[%clk 0:00:06]} 36. Nxe4 {[%clk 0:00:14]} Kg7 {[%clk 0:00:08]} 37. c5
{[%clk 0:00:11]} Nd3 38. cxb6 {[%clk 0:00:09]} axb6 {[%clk 0:00:10]} 39. Nd6
{[%clk 0:00:10]} f6 {[%clk 0:00:06]} 40. Nc4 {[%clk 0:00:08]} b5 {[%clk 0:00:07]}
41. Nb6 {[%clk 0:00:09]} Be8 {[%clk 0:00:07]} 42. a4 {[%clk 0:00:11]} bxa4 43.
Nxa4 {[%clk 0:00:12]} c5 {[%clk 0:00:08]} 44. Bc2 {[%clk 0:00:10]} c4
{[%clk 0:00:08]} 45. Bxd3 {[%clk 0:00:06]} cxd3 {[%clk 0:00:09]} 46. Nc3
{[%clk 0:00:08]} d2 {[%clk 0:00:09]} 47. f4 {[%clk 0:00:04]} Ba4 {[%clk 0:00:10]}
48. Kf2 {[%clk 0:00:05]} d1=Q {[%clk 0:00:11]} 49. Nxd1 {[%clk 0:00:05]} Bxd1
{[%clk 0:00:12]} 50. Ke3 {[%clk 0:00:05]} h4 {[%clk 0:00:12]} 51. Kd2
{[%clk 0:00:04]} Ba4 {[%clk 0:00:12]} 52. Ke3 {[%clk 0:00:05]} Kg6
{[%clk 0:00:11]} 53. Kf3 {[%clk 0:00:06]} Kf5 {[%clk 0:00:09]} 54. g4+
{[%clk 0:00:07]} hxg3 {[%clk 0:00:09]} 55. Kxg3 Bb3 {[%clk 0:00:08]} 56. h4
{[%clk 0:00:09]} Kg6 {[%clk 0:00:08]} 57. Kf3 {[%clk 0:00:05]} Kh5
{[%clk 0:00:07]} 58. Ke4 {[%clk 0:00:07]} Bc2+ {[%clk 0:00:08]} 59. Kd5
{[%clk 0:00:08]} Kxh4 {[%clk 0:00:08]} 60. Ke6 {[%clk 0:00:09]} f5
{[%clk 0:00:09]} 61. b4 {[%clk 0:00:08]} Kg4 {[%clk 0:00:10]} 62. Ke5
{[%clk 0:00:07]} Ba4 {[%clk 0:00:11]} 0-1

[Event "Russian Blitz Championship (m)"]
[Site "Sochi"]
[Date "2022.10.14"]
[Round "7.9"]
[White "Grachev, Boris"]
[Black "Turov, Maxim"]
[Result "1-0"]
[BlackElo "2465"]
[WhiteElo "2565"]
[LiveChessVersion "1.4.8"]

1. Nf3 {[%clk 0:03:03]} Nf6 {[%clk 0:03:03]} 2. c4 {[%clk 0:03:04]} g6
{[%clk 0:02:57]} 3. Nc3 {[%clk 0:03:04]} d5 {[%clk 0:02:58]} 4. cxd5
{[%clk 0:03:05]} Nxd5 {[%clk 0:02:59]} 5. e4 {[%clk 0:03:06]} Nxc3
{[%clk 0:02:58]} 6. bxc3 {[%clk 0:03:07]} Bg7 {[%clk 0:02:58]} 7. d4
{[%clk 0:03:08]} c5 {[%clk 0:02:57]} 8. h3 {[%clk 0:03:09]} O-O {[%clk 0:02:54]}
9. Be2 {[%clk 0:03:09]} b6 {[%clk 0:02:50]} 10. Be3 {[%clk 0:03:02]} Bb7
{[%clk 0:02:48]} 11. Qd3 {[%clk 0:03:00]} Ba6 {[%clk 0:02:38]} 12. Qd2
{[%clk 0:02:59]} Bxe2 {[%clk 0:02:35]} 13. Qxe2 {[%clk 0:03:00]} Nc6
{[%clk 0:02:29]} 14. Rd1 {[%clk 0:03:00]} cxd4 {[%clk 0:02:16]} 15. cxd4
{[%clk 0:03:00]} Rc8 {[%clk 0:02:11]} 16. O-O {[%clk 0:03:00]} Na5
{[%clk 0:02:09]} 17. d5 {[%clk 0:02:57]} Rc4 {[%clk 0:01:59]} 18. e5
{[%clk 0:02:42]} Qc8 {[%clk 0:01:52]} 19. d6 {[%clk 0:02:04]} exd6
{[%clk 0:01:53]} 20. exd6 {[%clk 0:02:05]} Rd8 {[%clk 0:01:53]} 21. Bg5
{[%clk 0:02:02]} f6 {[%clk 0:01:53]} 22. Bh4 {[%clk 0:01:14]} Nb7
{[%clk 0:01:38]} 23. d7 {[%clk 0:01:09]} Qc6 {[%clk 0:01:33]} 24. Rfe1
{[%clk 0:01:05]} b5 {[%clk 0:00:50]} 25. Qe8+ {[%clk 0:00:57]} Bf8
{[%clk 0:00:49]} 26. Re6 {[%clk 0:00:38]} Qc7 {[%clk 0:00:23]} 27. Bxf6
{[%clk 0:00:32]} Rc1 {[%clk 0:00:21]} 28. Rxc1 {[%clk 0:00:25]} Qxc1+
{[%clk 0:00:22]} 29. Re1 {[%clk 0:00:25]} 1-0